|
|
|
|
| LEADER |
00000cas a2200000 a 4500 |
| 001 |
vtls010689492 |
| 003 |
SK-MaSNL |
| 005 |
20260228163502.0 |
| 008 |
150630c20159999xo qr|p 0 0slo |
| 022 |
|
|
|a 1339-9861
|
| 040 |
|
|
|a SNK
|b slo
|c SNK
|e AACR2
|
| 041 |
0 |
|
|a slo
|a hun
|
| 043 |
|
|
|a e-xo---
|
| 044 |
|
|
|a xo
|c SK
|
| 072 |
|
7 |
|a 352/354
|x Stupne miestnej, oblastnej a ústrednej správy
|2 konspekt
|
| 072 |
|
7 |
|a 316.7
|x Sociológia kultúry. Kultúrny život
|2 konspekt
|
| 072 |
|
7 |
|a 394
|x Verejný a spoločenský život. Každodenný život
|2 konspekt
|
| 080 |
|
|
|a 353.9
|2 2011
|
| 080 |
|
|
|a 316.728
|2 2011
|
| 080 |
|
|
|a 394
|2 2011
|
| 080 |
|
|
|a (437.614)
|2 2011
|
| 080 |
|
|
|a (051)+(054)
|2 2011
|
| 080 |
|
|
|a 050
|2 2011
|
| 210 |
0 |
|
|a Mužliansky hlásn.
|
| 222 |
|
0 |
|a Mužliansky hlásnik
|
| 245 |
0 |
0 |
|a Mužliansky hlásnik
|
| 246 |
1 |
1 |
|a Muzslai hírmondó
|
| 260 |
|
|
|a Mužla
|b obec Mužla
|c 2015-
|
| 300 |
|
|
|a zv.
|c 30 cm
|
| 310 |
|
|
|a 4x ročne
|b 2016-
|
| 321 |
|
|
|a 2x ročne
|b 2015
|
| 362 |
0 |
|
|a Roč. 1, č. 1 (2015)-
|
| 500 |
|
|
|a Registračné č.: EV 5198/15
|
| 500 |
|
|
|a Vychádza spolu s titulom Muzslai hírmondó ako zvratmo písaný text
|
| 650 |
0 |
7 |
|a územná samospráva
|2 SNKPH
|9 802
|
| 650 |
0 |
7 |
|a každodenný život
|2 SNKPH
|9 4946
|
| 651 |
|
7 |
|a Mužla (Slovensko)
|2 SNKPHgeo
|9 14894
|
| 655 |
|
7 |
|a miestne periodiká
|2 SNKPH
|9 160938
|
| 856 |
4 |
1 |
|u http://muzla.sk/muzliansky-hlasnik/
|
| 910 |
|
|
|a snk
|
| 999 |
|
|
|c 9540
|d 11470
|
| 952 |
|
|
|0 0
|1 0
|4 0
|7 0
|8 0
|a SNK
|b SNK
|d 2022-03-30
|i snk2022/4930
|l 0
|o snkČSB 7460/5/2019/1
|p 17A1462223
|r 2026-02-21 19:59:33
|t č. 1-4
|w 2026-02-21
|y PREZ
|z 1. časť = titul Mužliansky hlásnik ;
|
| 952 |
|
|
|0 0
|1 0
|4 0
|7 3
|8 0
|a SNK
|b SNK
|d 2022-03-30
|i snk2022/4931
|l 0
|o snkČSB 7460/5/2019/2
|p 17A1462224
|r 2026-02-21 19:59:33
|t sz. 1-4
|w 2026-02-21
|y NEVYP
|z 2. časť = titul Muzslai Hírmondó. ;
|
| 952 |
|
|
|0 0
|1 0
|4 0
|7 0
|8 0
|a SNK
|b SNK
|d 2022-03-30
|i snk2022/4932
|l 0
|o snkČSB 7460/6/2020/1
|p 17A1462225
|r 2026-02-21 19:59:33
|t č. 1-3
|w 2026-02-21
|y PREZ
|z 1. časť = titul Mužliansky hlásnik
|
| 952 |
|
|
|0 0
|1 0
|4 0
|7 3
|8 0
|a SNK
|b SNK
|d 2022-03-30
|i snk2022/4933
|l 0
|o snkČSB 7460/6/2020/2
|p 17A1462226
|r 2026-02-21 19:59:33
|t sz. 1-3
|w 2026-02-21
|y NEVYP
|z 2. časť = titul Muzslai Hírmondó ;
|
| 952 |
|
|
|0 0
|1 0
|3 Spoločne zviazané r. 2015-2018
|4 0
|7 0
|8 0
|a SNK
|b SNK
|d 2020-01-15
|i snk2020/764
|l 0
|o snkČSB 7460/1/2015/1
|p 17A1385921
|r 2026-02-21 22:22:22
|t č. 1-2
|w 2026-02-21
|y PREZ
|z 1. časť = titul Mužliansky hlásnik. ; Spoločne zviazané r. 2015-2018
|
| 952 |
|
|
|0 0
|1 0
|3 Spoločne zviazané r. 2015-2018
|4 0
|7 0
|8 0
|a SNK
|b SNK
|d 2020-01-15
|i snk2020/765
|l 0
|o snkČSB 7460/1/2015/2
|p 17A1385920
|r 2026-02-21 22:22:22
|t sz. 1-2
|w 2026-02-21
|y PREZ
|z 2. časť = titul Muzslai Hírmondó. ; Spoločne zviazané r. 2015-2018
|
| 952 |
|
|
|0 0
|1 0
|3 Spoločne zviazané r. 2015-2018
|4 0
|7 0
|8 0
|a SNK
|b SNK
|d 2020-01-15
|i snk2020/764
|l 0
|o snkČSB 7460/2/2016/1
|p 17A1385919
|r 2026-02-21 22:22:26
|t č. 1-4
|w 2026-02-21
|y PREZ
|z 1. časť = titul Mužliansky hlásnik. ; Spoločne zviazané r. 2015-2018 ;
|
| 952 |
|
|
|0 0
|1 0
|3 Spoločne zviazané r. 2015-2018
|4 0
|7 0
|8 0
|a SNK
|b SNK
|d 2020-01-15
|i snk2020/765
|l 0
|o snkČSB 7460/2/2016/2
|p 17A1385918
|r 2026-02-21 22:22:26
|t sz. 1-4
|w 2026-02-21
|y PREZ
|z 2. časť = titul Muzslai Hírmondó. ; Spoločne zviazané r. 2015-2018
|
| 952 |
|
|
|0 0
|1 0
|3 Spoločne zviazané r. 2015-2018
|4 0
|7 0
|8 0
|a SNK
|b SNK
|d 2020-01-15
|i snk2020/764
|l 0
|o snkČSB 7460/3/2017/1
|p 17A1385917
|r 2026-02-21 22:22:26
|t č. 1-4
|w 2026-02-21
|y PREZ
|z 1. časť = titul Mužliansky hlásnik. ; Spoločne zviazané r. 2015-2018 ;
|
| 952 |
|
|
|0 0
|1 0
|3 Spoločne zviazané r. 2015-2018
|4 0
|7 0
|8 0
|a SNK
|b SNK
|d 2020-01-15
|i snk2020/765
|l 0
|o snkČSB 7460/3/2017/2
|p 17A1385916
|r 2026-02-21 22:22:26
|t sz. 1-4
|w 2026-02-21
|y PREZ
|z 2. časť = titul Muzslai Hírmondó. ; Spoločne zviazané r. 2015-2018
|
| 952 |
|
|
|0 0
|1 0
|3 Spoločne zviazané r. 2015-2018
|4 0
|7 0
|8 0
|a SNK
|b SNK
|d 2020-01-15
|i snk2020/764
|l 0
|o snkČSB 7460/4/2018/1
|p 17A1385915
|r 2026-02-21 22:22:26
|t č. 1-4
|w 2026-02-21
|y PREZ
|z 1. časť = titul Mužliansky hlásnik ; Spoločne zviazané r. 2015-2018
|
| 952 |
|
|
|0 0
|1 0
|3 Spoločne zviazané r. 2015-2018
|4 0
|7 0
|8 0
|a SNK
|b SNK
|d 2020-01-15
|i snk2020/765
|l 0
|o snkČSB 7460/4/2018/2
|p 17A1385914
|r 2026-02-21 22:22:26
|t sz. 1-4
|w 2026-02-21
|y PREZ
|z 2. časť = titul Muzslai Hírmondó. ; Spoločne zviazané r. 2015-2018
|